000 00695nam a2200289Ia 4500
005 20260324122022.0
008 008 260324s9999 xx 000 0 eng d
020 _a9780203796238
037 _aEBOOK
040 _aCRL
040 _beng
040 _cCRL
041 _2eng
041 _aeng
084 _qCRL
100 _aMinette Drumwright
_91164790
245 0 _aEthical Issues in Communication Professions
245 0 _bNew Agendas in Communication
260 _bTaylor and Francis
260 _c2013
365 _a
365 _b300
856 _uhttp://www.taylorfrancis.com/books/9780203796238
942 _cEBOOK
999 _c1757231
_d1757231